| 000 | 00459nam a2200181Ia 4500 | ||
|---|---|---|---|
| 001 | 23578 | ||
| 005 | 20260414150946.0 | ||
| 008 | 260414t2012||||xx |||||||||||||| ||spa|| | ||
| 041 | _aESP | ||
| 082 |
_a670 _bL51 |
||
| 100 |
_aLesko, Jim _eAUT |
||
| 245 | 0 |
_aDiseño industrial : _bguía de materiales y procesos de manufactura |
|
| 260 | _c2012 | ||
| 300 |
_aviii, 217 páginas : _c21 cm. |
||
| 650 | _aTCA | ||
| 654 | _aCII | ||
| 942 |
_cLIB _dJUS _fJUS _2ddc _n |
||
| 999 |
_c23578 _d23578 |
||